| 000 | 00386nam a22001217a 4500 | ||
|---|---|---|---|
| 999 |
_c194025 _d194025 |
||
| 003 | OSt | ||
| 082 | _aIR/KHDP/KAU | ||
| 245 | _aOnfarm identification of problems affecting pineapple cultivation in pilot project areas of Ernakulam district | ||
| 260 |
_aVellanikkara _bKerala Horticultural Development Programme |
||
| 546 | _aEnglish | ||
| 650 | _aFram identification | ||
| 942 |
_2ddc _cREP |
||